'D' Game Quiz Stats

 Plays Quiz Updated Mar 5, 2018

Also try: 'C' Game
Challenge
Share
Tweet
Embed
Score 0/37 Timer 08:00
22 Plays Today
Thing % Correct
Denmark
89.1%
Dopey
85.7%
Dancer
77.3%
Donner
75.3%
Doc
73.1%
Dasher
72.8%
Dog
68.8%
Denver, CO
64.7%
Dragon
57.5%
Die Another Day
55.5%
Dover, DE
51.9%
Dalmatian
47.8%
Doberman Pinscher
45.1%
Dominica
41.7%
Dominican Republic
40.6%
Djibouti
40.3%
Deuteronomy
40.2%
Dr. No
39.7%
Danube
39.2%
Thing % Correct
Dachshund
37.7%
Des Moines, IA
34.7%
Daniel
29.5%
Dem. Rep. of the Congo
28.8%
Diamonds are Forever
26.5%
Dances with Wolves
15%
Driving Miss Daisy
13.3%
The Departed
13%
Draco
12.4%
Dnieper
11.6%
Dysprosium
10.1%
The Deer Hunter
9.7%
Dubnium
9.7%
Darmstadtium
8.8%
Dniester
7.2%
Dandie Dinmont Terrier
7%
Delphinus
5.1%
Dorado
5%

You're not logged in!

Compare scores with friends on all Sporcle quizzes.
OR
Log In

You Might Also Like...

Show Comments

Extras

Top Quizzes Today


Score Distribution

Your Account Isn't Verified!

In order to create a playlist on Sporcle, you need to verify the email address you used during registration. Go to your Sporcle Settings to finish the process.

Report this User

Report this user for behavior that violates our Community Guidelines.

Details: